Регионална библиотека "Любен Каравелов" - Русе

Съседката милионерка (Запис номер 62942)

MARC детайли
000 -Лидер
Контролно поле с фиксирана дължина 01856nam a2200385 c 4500
003 - Код на организацията, давaща контролен номер
Контролно поле BLK
005 - Дата и час на последна редакция
Контролно поле 20220621111903.0
008 - Елементи от данни с фиксирана дължина
fixed length control field 180408b bul|||||r ||||||| ||bul||
010 ## - Наследен системен номер
LC control number KNG00067169000
020 ## - Международен стандартен номер на книга ISBN
Международен стандартен номер на книга ISBN 954-769-078-7
-- издат.: Обсидиан
040 ## - Източник на каталожния запис
Идентификатор на билиотеката - собственик на записа BLK
041 ## - Код за език
Код за езика на текст/звукозапис или на отделно заглавие Български
Код за езика КДБФ Български
080 ## - УДК
Текстов определител УДК Икономическо положение. Икономическа политика. Управление. Планиране. Производство. Услуги. Цени
УДК код - определител по УДК 338
УДК определител (73)(02.062)
УДК - код + определител 338(73)(02.062)
080 ## - УДК
Текстов определител УДК Икономическа психология. Икономическо поведение. Физиологични и психологични елементи. Интереси. Икономически дух
УДК код - определител по УДК 330.16
УДК определител (02.062)
УДК - код + определител 330.16(02.062)
100 1# - Редна дума - Автор
Автор Станли, Томас
Авторска отговорност първи автор
R(LIN) 366594
139 ## - Редно поле
Редна дума Станли, Томас
Авторски знак Стани - С 69
245 10 - Сведения за заглавието
Заглавие Съседката милионерка
Редно поле (дума) Томас Станли; прев. от англ. Екатерина Йорданова.
257 ## - Страна на издаване
Страна на създаване/издаване Съединени американски щати
260 ## - Област на издателските данни
-- София
Име на издателя, разпространителя и проч. Обсидиан
Година на издаване 2004
Печатница София : Балканпрес
300 ## - Физическа характеристика
Страници 367 с.
Илюстрации и др. с табл.
Размери/Мащаб 20 см
380 ## - Жанр
Жанр Обществени науки
500 ## - Общи забележки
Забележка Ориг. загл. Millionaire Women Next Door / Thomas J. Stanley. - Офс. изд.
650 #4 - Допълнително описание по предмет – тема
Основно описание – тема или топоним САЩ - стопанство
9 (RLIN) 273843
650 #4 - Допълнително описание по предмет – тема
Основно описание – тема или топоним Икономическо поведение
9 (RLIN) 245306
651 #4 - Допълнително описание по предмет - топоним
Географско понятие САЩ
9 (RLIN) 179493
653 ## - Ключова дума – ненормативна
Ключова дума икономическо поведение
653 ## - Ключова дума – ненормативна
Ключова дума жени
653 ## - Ключова дума – ненормативна
Ключова дума милионери
700 1# - Други автори (авторска отговорност)
Лично име Йорданова, Екатерина
Автороска отговорност (Описва отношението между автора и произведението) прев. от англ.
9 (RLIN) 284736
852 ## - Местоположение
Форматна сигнатура Цб 228647
856 4# - Електронен адрес и достъп
Електронен формат pdf - файл
Път до файла /url/
856 4# - Електронен адрес и достъп
Електронен формат pdf - файл
Път до файла /url/
942 ## - АРТИКУЛИ
Вид на библиотечния материал Книги
Скрит в OPAC Не
Koha issues (borrowed), all copies 1
944 ## - СЪЗДАВАНЕ И РЕДАКЦИЯ на ЗАПИСА
Създаване/Редакция Създаване
Дата на регистрацията/редакция 18.07.2006
Статус, дата на статуса ф /
Служител, извършил регистрацията/редакцията Валя_Йорданова
944 ## - СЪЗДАВАНЕ И РЕДАКЦИЯ на ЗАПИСА
Създаване/Редакция Редакция
Дата на регистрацията/редакция 21.07.2016
Статус, дата на статуса ф /
Служител, извършил регистрацията/редакцията Людмила_Стоянова
999 ## - СИСТЕМНИ КОНТРОЛНИ НОМЕРА
Koha biblionumber 62942
Koha biblioitemnumber 62942
Наличности
Код за отписване Код за изгубен артикул Код за повреда Коз за рестрикции Код за отдаване Артикулен № Име на библиотеката - собственик Име на библиотеката, в която се намира в момента Статус (Текущо местоположение) Дата на вписване в системата Местоположение - отдел Цена в лева Инвентарен номер Систематично азбучна сигнатура Баркод Номер на екземпляра Цена в евро Служебна бележка Служебен тип на артикула Източник на класификационната схема
  Не е изгубен Не е повреден без рестрикции ползва се в читалня 104354 Регионална библиотека "Любен Каравелов" Русе Регионална библиотека "Любен Каравелов" Русе Хранилище 2006-08-04 Хранилище 9.00 120000704271 Цб 228647 120000704271 1 4.60 Дост: Dp Вид: Д N: 31 Дата: 22.07.2005 Книги  
  Не е изгубен Не е повреден без рестрикции заемане за дома 104355 Регионална библиотека "Любен Каравелов" Русе Регионална библиотека "Любен Каравелов" Русе Заемна - подръчен фонд 2016-06-21 Заемна - подръчен фонд 9.00 120000801261 П 338/С 69 120000801261 2 4.60 Дост: DA Вид: А N: 23 Дата: 21.06.2016 Дата инв: 05.02.2018 Бележки инв: П2018 Книги Universal Decimal Classification
Vip Innovations Ltd, Rousse, Bulgaria 2025